00326 a2200097 4500001001000000005001700010008004100027245007400068100002000142773006600162ART_4713320260410161850.0260409a 10aEquilibrio de una economía competitiva; una prueba de su existencia1 aMantel, Rolf R.0 tEconómicag- Año XLV, Nº 2 T.1 (jul./dic. 1999)wREV7541